00480nam a2200193 a 4500001001300000003000900013005001700022008004100039020001000080082001300090100002000103245002600123260004400149300000900193500003500202505001700237650001200254700002000266nice12345678IN_TiNIC20260116011728.0050524s1967 boma grp 000 0 eng  ac10000a272bALC aAlcock, Deborah aTales of Martyr Times aBombaybGospel Literature Servicec1967 a158p aincludes index and biblioraphy2 aBibliography aMartyrs1 aAlcock, Deborah